MARC details
| 000 -CABECERA |
| campo de control de longitud fija |
02929nam a2200385 a 4500 |
| 001 - NÚMERO DE CONTROL |
| campo de control |
000045607 |
| 005 - FECHA Y HORA DE LA ÚLTIMA TRANSACCIÓN |
| campo de control |
20201002052337.0 |
| 008 - DATOS DE LONGITUD FIJA--INFORMACIÓN GENERAL |
| campo de control de longitud fija |
150211s20uu dr abc 000 0 spa d |
| 020 ## - NÚMERO INTERNACIONAL ESTÁNDAR DEL LIBRO |
| ISBN cancelado o inválido |
9789945444026 (v. 1) |
| 020 ## - NÚMERO INTERNACIONAL ESTÁNDAR DEL LIBRO |
| ISBN cancelado o inválido |
9789945400975 (v. 2) |
| 020 ## - NÚMERO INTERNACIONAL ESTÁNDAR DEL LIBRO |
| Número Internacional Estándar del Libro |
9789945400533 (v.3) |
| 020 ## - NÚMERO INTERNACIONAL ESTÁNDAR DEL LIBRO |
| Número Internacional Estándar del Libro |
9945400983 (v.4) |
| 020 ## - NÚMERO INTERNACIONAL ESTÁNDAR DEL LIBRO |
| ISBN cancelado o inválido |
978994540055X (v.5) |
| 020 ## - NÚMERO INTERNACIONAL ESTÁNDAR DEL LIBRO |
| ISBN cancelado o inválido |
9789945400568 (v.6) |
| 020 ## - NÚMERO INTERNACIONAL ESTÁNDAR DEL LIBRO |
| ISBN cancelado o inválido |
9789945400576 (v.7) |
| 040 ## - FUENTE DE LA CATALOGACIÓN |
| Centro catalogador/agencia de origen |
DO-SdBNP |
| Lengua de catalogación |
spa |
| Centro/agencia transcriptor |
BNPHU |
| 082 ## - NÚMERO DE LA CLASIFICACIÓN DECIMAL DEWEY |
| Número de clasificación |
xxxx |
| Número de documento/Ítem |
xxxx |
| 245 00 - MENCIÓN DE TÍTULO |
| Título |
Artística / : |
| Resto del título |
educación básica / |
| Mención de responsabilidad, etc. |
Luisa A. Mateo Dicló... [et al.]. ; producción editorial María del Jesús de la Rosa ; ilustraciones Orlando Martínez, Ramón Sandoval. |
| 260 ## - PUBLICACIÓN, DISTRIBUCIÓN, ETC. |
| Lugar de publicación, distribución, etc. |
Santo Domingo : |
| Nombre del editor, distribuidor, etc. |
Actualidad Escolar 2000, |
| Fecha de publicación, distribución, etc. |
[20uu] |
| Fabricante |
Serigraf |
| 300 ## - DESCRIPCIÓN FÍSICA |
| Extensión |
v. : |
| Otras características físicas |
il., mapas, retrs. ; |
| Dimensiones |
22 cm. |
| 500 ## - NOTA GENERAL |
| Nota general |
La biblioteca solamente posee de los volumenes 1, 2, 3, 4 y 7 el libro del maestro y de los volumenes 5 y 6 de los libros de texto. |
| 500 ## - NOTA GENERAL |
| Nota general |
Educación básica |
| 504 ## - NOTA DE BIBLIOGRAFÍA, ETC. |
| Nota de bibliografía, etc. |
Bibliografía |
| 505 0# - NOTA DE CONTENIDO CON FORMATO |
| Nota de contenido con formato |
v. 1 : |
| Título |
Conoce la educación artística -- |
| -- |
Me conozco -- |
| -- |
La exploración -- |
| -- |
La observación -- |
| -- |
La expresión artística -- |
| -- |
Las artes y sus formas -- |
| -- |
Las artes y la cultura -- |
| -- |
Valorando la historia nacional -- |
| 505 0# - NOTA DE CONTENIDO CON FORMATO |
| Nota de contenido con formato |
v. 2 : |
| Título |
La educación artística -- |
| -- |
Me conozco -- |
| -- |
La exploración -- |
| -- |
La expresión artística -- |
| -- |
Las artes y sus formas -- |
| -- |
Arte, cultura e historia -- |
| 505 0# - NOTA DE CONTENIDO CON FORMATO |
| Nota de contenido con formato |
v .3 : |
| Título |
La educación artística -- |
| -- |
Me conozco -- |
| -- |
La exploración y la observación -- |
| -- |
La expresión artística -- |
| -- |
Las artes y sus formas -- |
| -- |
Jugando a la cultura -- |
| -- |
Valorando la historia nacional / |
| Mención de responsabilidad |
Luisa A. Mateo Dicló -- |
| -- |
Covadonga González -- |
| Información miscelánea |
v. 4 : |
| Título |
La educación artística -- |
| -- |
Me conozco -- |
| -- |
La exploración y la observación -- |
| -- |
La expresión artística -- |
| -- |
Las artes y sus formas -- |
| -- |
El arte y la cultura -- |
| -- |
Valorando la historia nacional / |
| Mención de responsabilidad |
Luisa A. Mateo Dicló -- |
| -- |
Mercedes Hernández de Pérez -- |
| Información miscelánea |
v. 5 : |
| Título |
La educación artística -- |
| -- |
Me conozco -- |
| -- |
La exploración y observación -- |
| -- |
La expressión artística -- |
| -- |
El arte y sus formas -- |
| -- |
El arte, la cultura y la historia / |
| Mención de responsabilidad |
Omar Gil Bueno -- |
| -- |
Luisa A. Mateo Dicló -- |
| Información miscelánea |
v. 6 : |
| Título |
La educación artística -- |
| -- |
La exploración y observación -- |
| -- |
El arte y sus formas -- |
| -- |
Las artes y la cultura / |
| Mención de responsabilidad |
Alba Peña Echezuria -- |
| -- |
Luisa A. Mateo Dicló -- |
| Información miscelánea |
v. 7 : |
| Título |
La educación artística -- |
| -- |
La exploración y la observación -- |
| -- |
Expresión y creación artística -- |
| -- |
El arte y sus formas -- |
| -- |
El arte y la cultura / |
| Mención de responsabilidad |
Marianella Azócar -- |
| -- |
Luisa A. Mateo Dicló -- |
| 700 1# - PUNTO DE ACCESO ADICIONAL--NOMBRE DE PERSONA |
| Nombre de persona |
Peña Echezuria, Alba |
| 9 (RLIN) |
73674 |
| 700 1# - PUNTO DE ACCESO ADICIONAL--NOMBRE DE PERSONA |
| Nombre de persona |
Gil Bueno, Omar |
| 9 (RLIN) |
73246 |
| 700 1# - PUNTO DE ACCESO ADICIONAL--NOMBRE DE PERSONA |
| Nombre de persona |
Azócar, Marianella |
| 9 (RLIN) |
73247 |
| 700 1# - PUNTO DE ACCESO ADICIONAL--NOMBRE DE PERSONA |
| Nombre de persona |
Mateo Dicló, Luisa A. |
| 9 (RLIN) |
73244 |
| 700 1# - PUNTO DE ACCESO ADICIONAL--NOMBRE DE PERSONA |
| Nombre de persona |
Del Jesús de la Rosa, María |
| Término indicativo de función/relación |
prod. ed. |
| 9 (RLIN) |
73675 |
| 700 1# - PUNTO DE ACCESO ADICIONAL--NOMBRE DE PERSONA |
| Nombre de persona |
González, Covadonga |
| 9 (RLIN) |
73676 |
| 700 1# - PUNTO DE ACCESO ADICIONAL--NOMBRE DE PERSONA |
| Nombre de persona |
Martínez, Orlando |
| Término indicativo de función/relación |
il. |
| 9 (RLIN) |
73677 |
| 700 1# - PUNTO DE ACCESO ADICIONAL--NOMBRE DE PERSONA |
| Nombre de persona |
Sandoval, Ramón |
| Término indicativo de función/relación |
il. |
| 9 (RLIN) |
10955 |